Дело об отпуске в Румянцевский музей по 410 рублей серебром в год из хозяйственной суммы Департамента в замен дохода с 3-х кварт...

Доступно только в Электронных читальных залах Найти на картеНа карте
RUSMARC
00003678nmc2a2200000 x 450
00152c16665-d995-4bad-82fd-3f9f68162044
00520151216162509.0
100##$a20150902l18461851k l0rusy0189 ca
1010#$arus
102##$aRU
2001#$aДело об отпуске в Румянцевский музей по 410 рублей серебром в год из хозяйственной суммы Департамента в замен дохода с 3-х квартира в доме оного музея, занимаемых чиновниками Афанасьевым, Романовым и Манцовым
$j31 июля 1846 г. - 20 мая 1851 г.
251##$cДело
300##$aДело
801#0$aRU
$bРГИА
$c20150902
$gRCR
801#1$aRU
$bГлавНИВЦ
$c20150902
$2rusmarc
801#2$aRU
$bПБ им. Б.Н. Ельцина
$c20151216
$gRCR
$2rusmarc
850##$aРГИА
852##$aРГИА
$eФедеральное казенное учреждение "Российский государственный исторический архив" (РГИА)
$j152
937##$hРГИА
$d12092655
$aASBIBLIO_SCAN
462#0$10016e7ba0f3-98a0-45d9-8501-58dfee489242
$12001
$aДела Хозяйственного отделения Департамента народного просвещения за 1835-1849 гг.
$1251
$cОпись
$1852
$j105
461#0$1001a74412a3-3cc5-4d21-8f0a-dfe2fbd9e72d
$12001
$aДепартамент народного просвещения Министерства народного просвещения
$1251
$cФонд
$1852
$j733
215##$a60 л.
$d36,5х26 см
371##$aДокумент не является опубликованным и широко распространяемым
105##$ay###
1222#$ad
035##$a52c16665-d995-4bad-82fd-3f9f68162044
Формат отображения